প্রেমেন্দ্র রচনাবলী / (Record no. 49151)
[ view plain ]
| 000 -LEADER | |
|---|---|
| fixed length control field | 01000nam a2200241 a 4500 |
| 001 - CONTROL NUMBER | |
| control field | 49151 |
| 003 - CONTROL NUMBER IDENTIFIER | |
| rucl marc code | BD-RjUL |
| 005 - DATE AND TIME OF LATEST TRANSACTION | |
| control field | 20211209054636.0 |
| 008 - FIXED-LENGTH DATA ELEMENTS--GENERAL INFORMATION | |
| fixed length control field | 160818s19891983bg ||||| |||| 00| 0 ben d |
| 020 ## - INTERNATIONAL STANDARD BOOK NUMBER | |
| Terms of availability | : Tk.40.00 |
| 035 ## - SYSTEM CONTROL NUMBER | |
| System control number | (BD-RjUL)49270 |
| 040 ## - CATALOGING SOURCE | |
| Original cataloging agency | BD-RjUL |
| Language of cataloging | ben |
| Transcribing agency | BD-RjUL |
| Modifying agency | BD-RjUL |
| 041 ## - LANGUAGE CODE | |
| Language code of text/sound track or separate title | ben |
| 082 ## - DEWEY DECIMAL CLASSIFICATION NUMBER | |
| Edition number | 23 |
| Classification number | 891.4408 |
| Author mark and year | MIP 1975-89 |
| 100 ## - MAIN ENTRY--PERSONAL NAME | |
| Personal name | মিত্র, প্রেমেন্দ্র |
| 9 (RLIN) | 126308 |
| 245 10 - TITLE STATEMENT | |
| Title | প্রেমেন্দ্র রচনাবলী / |
| Statement of responsibility, etc. | প্রেমেন্দ্র মিত্র |
| 260 ## - PUBLICATION, DISTRIBUTION, ETC. (IMPRINT) | |
| Place of publication, distribution, etc. | কলকাতা : |
| Name of publisher, distributor, etc. | গ্রনহালয় প্রাইভেট লিমিটেড, |
| Date of publication, distribution, etc. | ১৯৭৫-১৯৮৩ [পুনমুদ্রন১৯৮৯] |
| 300 ## - PHYSICAL DESCRIPTION | |
| Pagination | ১৫০ পৃ. ; |
| Size | ২২ সেমি. |
| 505 0# - FORMATTED CONTENTS NOTE | |
| Formatted contents note | খণ্ড ১ -- খন্ড ২-- |
| 650 ## - SUBJECT ADDED ENTRY--TOPICAL TERM | |
| Topical term or geographic name as entry element | বাংলা সাহিত্য |
| General subdivision | সংগ্রহ |
| 9 (RLIN) | 122902 |
| Topical term or geographic name as entry element | Bengali Literature |
| General subdivision | Collection |
| 9 (RLIN) | 122903 |
| 942 ## - ADDED ENTRY ELEMENTS (KOHA) | |
| Source of classification or shelving scheme | Dewey Decimal Classification |
| Koha item type | Books |
| Lost status | Source of classification or shelving scheme | Damaged status | Not for loan | Collection code | Permanent Location | Current Location | Shelving location | Date acquired | Source of acquisition | Cost, normal purchase price | Total Checkouts | Full call number | Date last seen | Date checked out | Copy number | Koha item type | Total Renewals |
|---|---|---|---|---|---|---|---|---|---|---|---|---|---|---|---|---|---|
| Dewey Decimal Classification | Non-fiction | Central Library, University of Rajshahi | Central Library, University of Rajshahi | 31/12/1996 | Aunkur prokashoni, dhaka | 40.00 | 1 | B 891.4408 MIP V-2 1989 | 02/12/2025 | 01/12/2025 | C-2 | Books | |||||
| Dewey Decimal Classification | Non-fiction | Central Library, University of Rajshahi | Central Library, University of Rajshahi | 31/12/1996 | Aunkur prokashoni, dhaka | 40.00 | 1 | B 891.4408 MIP V-2 1989 | 11/03/2019 | 30/01/2019 | C-3 | Books | 1 | ||||
| Dewey Decimal Classification | Non-fiction | Central Library, University of Rajshahi | Central Library, University of Rajshahi | 31/12/1996 | ankur | 40.00 | 1 | B 891.4408 MIP V-2 1989 | 13/05/2019 | 17/04/2019 | C-4 | Books | |||||
| Dewey Decimal Classification | Non-fiction | Central Library, University of Rajshahi | Central Library, University of Rajshahi | 04/11/1978 | Kolikata, India International | 20.00 | B 891.4408 MIP V-1 1975 | 20/11/2016 | C-2 | Books |